书目信息 |
| 题名: |
孔明先生的家居笔记
|
|
| 作者: | 石山水 编著 | |
| 分册: | ||
| 出版信息: | 兰州 甘肃文化出版社 2006.05 |
|
| 页数: | 226页 | |
| 开本: | 24cm | |
| 丛书名: | ||
| 单 册: | ||
| 中图分类: | B992.4 | |
| 科图分类: | ||
| 主题词: | 住宅--风水--研究 , 陀罗尼 | |
| 电子资源: | ||
| ISBN: | 7-80714-211-1 | |
| 000 | 00655nam0 2200205 450 | |
| 001 | 0654740968 | |
| 005 | 20061011101656.92 | |
| 010 | @a7-80714-211-1@dCNY 38.00 | |
| 100 | @a20060901d2006 km y0chiy0120 ea | |
| 101 | 0 | @achi |
| 200 | 1 | @a孔明先生的家居笔记@Akong ming xian sheng de jia ju bi ji@e住宅实用风水指南@f石山水编著@Fshi shan shui bian zhu |
| 210 | @a兰州@c甘肃文化出版社@d2006.05 | |
| 215 | @a226页@d24cm | |
| 517 | 1 | @a住宅实用风水指南@Azhu zhai shi yong feng shui zhi nan |
| 606 | 0 | @a住宅@x风水@x研究 |
| 606 | 0 | @a陀罗尼 |
| 690 | @aB992.4@v4 | |
| 701 | 0 | @a石山水@Ashi shan shui@4编著 |
| 801 | @aCN@c20061011 | |
| 905 | @a10447@dB992.4@eS539 | |
| 孔明先生的家居笔记:住宅实用风水指南/石山水编著.-兰州:甘肃文化出版社,2006.05 |
| 226页;24cm |
| ISBN 7-80714-211-1:CNY 38.00 |
| ● |
| 相关链接 |
|
|
|
正题名:孔明先生的家居笔记
索取号:B992.4/S539
 
预约/预借
| 序号 | 登录号 | 条形码 | 馆藏地/架位号 | 状态 | 备注 |
| 1 | 610534 | 206105347 | 自科二线400A/422社科库 43排4列4层/ [索取号:B992.4/S539] | 在馆 | |
| 2 | 610535 | 206105356 | 自科二线400A/509社科库 55排2列3层/ [索取号:B992.4/S539] | 在馆 | |
| 3 | 610536 | 206105365 | 自科二线400A/ [索取号:B992.4/S539] | 在馆 |